Formula One: Drivers with wins on most seasons - Statistics

General Stats
  • This quiz has been taken 603 times
    480 since last reset
  • The average score is 28 of 32
Answer Stats
Number of seasons Driver Nationality On seasons % Correct
15 Michael Schumacher Germany 1992-2006
100%
15 Lewis Hamilton United Kingdom 2007-2021
99%
11 Alain Prost France 1981-1990, 1993
98%
9 Ayrton Senna Brazil 1985-1993
98%
9 Fernando Alonso Spain 2003, 2005-2008, 2010-2013
97%
10 Sebastian Vettel Germany 2008-2013, 2015, 2017-2019
97%
9 Kimi Räikkönen Finland 2003-2005, 2007-2009, 2012-2013, 2018
96%
7 Max Verstappen Netherlands 2016-2022
96%
8 Niki Lauda Austria 1974-1978, 1982, 1984-1985
95%
5 Daniel Ricciardo Australia 2014, 2016-2018, 2021
94%
10 Nelson Piquet Brazil 1980-1987, 1990-1991
93%
10 Nigel Mansell United Kingdom 1985-1987,1989-1992, 1994
92%
7 Juan Manuel Fangio Argentina 1950-1957
91%
5 Mika Häkkinen Finland 1997-2001
91%
5 Nico Rosberg Germany 2012-2016
91%
5 Damon Hill United Kingdom 1993-1996, 1998
89%
6 Graham Hill United Kingdom 1962-1965, 1968-1969
89%
5 Jenson Button United Kingdom 2006, 2009-2012
89%
5 Rubens Barrichello Brazil 2000, 2002-2004, 2009
88%
8 Jackie Stewart United Kingdom 1965-1966, 1968-1973
84%
7 Jim Clark United Kingdom 1962-1968
84%
5 Emerson Fittipaldi Brazil 1970, 1972-1975
82%
5 Jack Brabham Australia 1959-1970
81%
5 Jody Scheckter South Africa 1974-1977, 1979
81%
8 David Coulthard United Kingdom 1995, 1997-2003
80%
8 Gerhard Berger Austria 1986-1989, 1991-1992, 1994, 1997
80%
6 Denny Hulme New Zealand 1967-1969, 1972-1974
75%
5 Jacky Ickx Belgium 1968-1972
75%
7 Stirling Moss United Kingdom 1955-1961
72%
6 Carlos Reutemann Argentina 1974-1975, 1977-1978, 1980-1981
69%
5 Clay Regazzoni Switzerland 1970, 1974-1976, 1979
64%
5 Riccardo Patrese Italy 1982-1983, 1990-1992
63%
No matching quizzes found
Score Distribution
Percent of People with Each Score
Percentile by Number Answered
Your Score History
You have not taken this quiz since the last reset